El jardín secreto / (Registro nro. 10594)
[ vista simple ]
| 000 -LIDER | |
|---|---|
| fixed length control field | 00903nam a22002657a 4500 |
| 003 - IDENTIFICACDOR DE NÚMERO DE CONTROL | |
| control field | DO-SdBPMS |
| 005 - DATE AND TIME OF LATEST TRANSACTION | |
| control field | 20241203120646.0 |
| 008 - ELEMENTOS DE LONGITUD FIJA | |
| fixed length control field | 160627b2011 mx || 00| 0 spa d |
| 020 ## - ISBN | |
| International Standard Book Number | 9786071108579 |
| 040 ## - FUENTE DE CATALOGACIÓN | |
| Agencia que crea de manera original el registro | DO-SdBPM |
| Idioma de catalogación | spa |
| Agencia que realiza la transcripción | BPMSU |
| 082 #4 - NÚMERO DE CLASIFICACIÓN DECIMAL DE DEWEY | |
| Classification number | 813.4 |
| Item number | B964j 2011 |
| Edition number | 22 |
| 100 1# - ASIENTO PRINCIPAL -- NOMBRE PERSONAL | |
| Nombre personal | Hodgson Burnett, Frances |
| Fechas asociadas con el nombre | 1849-1924. |
| 245 13 - MENCIÓN DE TITULO | |
| Título | El jardín secreto / |
| Mención de responsabilidad | Frances Hodgson Burnett ; ilustración Hye Ran Lee ; traducción Martha Frances Goodman Davis |
| 260 ## - PUBLICACIÓN, DISTRIBUCIÓN, ETC. (PIE DE IMPRENTA) | |
| Lugar de publicación, distribución, etc | México : |
| Nombre del editor, distribuidor, etc. | Santillana ediciones generales, |
| Fecha de publicación, distribución, etc | 2010. |
| 300 ## - DESCRIPCIÓN FÍSICA | |
| Extensión | 358 p. : |
| Otros detalles físicos | il. ; |
| Dimensiones | 21 cm. |
| 490 0# - MENCIÓN DE SERIES | |
| Mención de serie | Alfaguara infantil |
| 590 ## - NOTA LOCAL | |
| Texto de la nota local | Inventariado, 2024/VM |
| 650 #4 - ENCABEZAMIENTO DE MATERIA--TEMÁTICO | |
| Término temático o nombre geográfico como elemento de entrada | Novela estadounidense |
| 650 #4 - ENCABEZAMIENTO DE MATERIA--TEMÁTICO | |
| Término temático o nombre geográfico como elemento de entrada | Huerfanos |
| Subdivisión de forma | Novela |
| 650 #4 - ENCABEZAMIENTO DE MATERIA--TEMÁTICO | |
| Término temático o nombre geográfico como elemento de entrada | Jardines |
| Subdivisión de forma | Novela |
| 700 1# - ASIENTO SECUNDARIO -- NOMBRE PERSONAL | |
| Nombre personal | Ran Lee, Hye, |
| Mención de responsabilidad | ilustración |
| 700 1# - ASIENTO SECUNDARIO -- NOMBRE PERSONAL | |
| Nombre personal | Goodman Davis, Martha Frances, |
| Mención de responsabilidad | traductor |
| 910 ## - VALIDACIÓN | |
| Validación | VMateo V. Control de calidad. BPMSU |
| 942 ## - ADDED ENTRY ELEMENTS (KOHA) | |
| Source of classification or shelving scheme | Dewey Decimal Classification |
| Koha item type | Libros |
| Withdrawn status | Lost status | Source of classification or shelving scheme | Damaged status | Not for loan | Collection code | Home library | Current library | Date acquired | Source of acquisition | Total Checkouts | Full call number | Barcode | Date last seen | Price effective from | Koha item type | Copy number |
|---|---|---|---|---|---|---|---|---|---|---|---|---|---|---|---|---|
| Dewey Decimal Classification | Colección Juvenil General | Biblioteca Pública Metropolitana Salomé Ureña | Biblioteca Pública Metropolitana Salomé Ureña | 06/27/2016 | Santillana | BPMSU CJG 813.4 B964j 2011 | BPMSU16060586 | 06/27/2016 | 06/27/2016 | Libros | ||||||
| Dewey Decimal Classification | Colección Juvenil General | Biblioteca Pública Metropolitana Salomé Ureña | Biblioteca Pública Metropolitana Salomé Ureña | 06/27/2016 | Santillana | BPMSU CJG 813.4 B964j 2011 | BPMSU16060587 | 06/27/2016 | 06/27/2016 | Libros | e.2 | |||||
| Dewey Decimal Classification | Colección Infantil General | Biblioteca Pública Metropolitana Salomé Ureña | Biblioteca Pública Metropolitana Salomé Ureña | 06/27/2016 | Santillana | BPMSU CJG 813.4 B964j 2011 | BPMSU16060588 | 06/27/2016 | 06/27/2016 | Libros | e.3 |